[Event "78th GEO-ch Women 1st League 2021"]
[Site "Tbilisi"]
[Date "2021.03.18"]
[Round "1.1"]
[White "Gvetadze, Sofio"]
[Black "Javakhishvili, Mariam"]
[Result "1-0"]
[WhiteElo "2317"]
[BlackElo "1671"]
[Annotator "TA"]
[PlyCount "91"]
[EventDate "2021.03.18"]
[EventType "swiss"]
[EventCountry "GEO"]
[SourceTitle "playchess.com"]
[Source "ChessBase"]
[SourceQuality "1"]

{[%evp 12,91,21,0,0,0,14,-22,-25,-9,-18,-25,67,57,56,10,36,0,0,0,54,65,54,47,71,79,76,84,83,30,33,23,39,26,85,95,100,68,64,53,149,136,185,154,180,191,175,106,109,73,85,0,0,19,202,202,217,209,198,200,235,235,257,220,226,206,223,216,370,374,591,604,587,571,852,789,1113,1082,1531,1450,1609,838]} 1. c4 Nf6 2. Nf3 g6 3. g3 Bg7 4. Bg2 O-O 5. O-O d6 6. Nc3 e5 {6...e5 is better than 6...Nc6.} 7. Rb1 a5 {A24: English Opening vs King's Indian: Lines without ...Nc6.} 8. a3 Be6 9. Ng5 Bxc4 {The position is equal.} 10. Bxb7 Ra7 11. Bg2 {[#]} h6 $146 {[#]} (11... d5 $11) ({Predecessor:} 11... a4 12. Nxa4 Bxe2 13. Qxe2 Rxa4 14. d3 Nfd7 15. Qc2 Rd4 16. Be3 Rg4 17. Nf3 e4 18. dxe4 {1-0 (35) Kovalev,D (2487)-Allahverdiyeva,A (2088) chess.com INT 2020}) 12. d3 $1 $14 Ba6 13. Nf3 c5 14. Bd2 Nc6 15. Qc1 Kh7 {[#]} (15... h5 $11) 16. Ng5+ $1 hxg5 17. Bxc6 Rc7 18. Bg2 c4 19. dxc4 Bxc4 20. Re1 ({Better is} 20. Bxg5 $16 Bxe2 21. Re1) 20... g4 $11 21. Qd1 Qd7 22. b3 Ba6 (22... Be6 $11) 23. Na4 $16 Qb5 24. e4 Rfc8 25. Bg5 {And now b4 would win.} Nd7 (25... Qc6 $14) 26. Qxg4 Bf6 27. Be3 Be7 28. Qf3 Kg7 {[#]} 29. Bd2 (29. Nb6 $1 $18 {[%mdl 512] Hoping for Bf1.} Nxb6 30. Bf1) 29... Rc2 30. Bf1 Qb7 {Threatens to win with ...Bxf1.} 31. Bxa5 (31. Bxa6 $16 Qxa6 32. Red1) 31... Bxf1 $11 32. Rxf1 {Strongly threatening Nc3.} Qb5 $2 {This move loses the game for Black.} (32... f5 $1 $11 {and Black has nothing to worry.}) 33. Bb4 $18 Qc6 34. Qd3 Nf6 35. Rbe1 Rh8 36. Bc3 Ra2 37. Qb1 Rxa3 {...Rb8 is the strong threat.} 38. Qb2 Rxa4 39. bxa4 {[%cal Bb3a4,Ba4a5][%mdl 32]} Nxe4 $2 (39... Ng4) 40. Bxe5+ $1 Bf6 (40... dxe5 $142 41. Qxe5+ {[%mdl 64] Double Attack} Nf6) 41. Bxf6+ {White is clearly winning.} Nxf6 42. Re3 Rh6 43. a5 Qd5 44. Ra1 Qh5 45. h4 g5 46. Qb5 {Weighted Error Value: White=0.16/Black=0.36} 1-0

[Event "78th GEO-ch Women 1st League 2021"]
[Site "Tbilisi"]
[Date "2021.03.18"]
[Round "1.2"]
[White "Bedoshvili, Dea"]
[Black "Mikadze, Miranda"]
[Result "1/2-1/2"]
[WhiteElo "1667"]
[BlackElo "2269"]
[Annotator "TA"]
[PlyCount "126"]
[EventDate "2021.03.18"]
[EventType "swiss"]
[EventCountry "GEO"]
[SourceTitle "playchess.com"]
[Source "ChessBase"]
[SourceQuality "1"]

{[%evp 9,126,0,2,-2,10,-3,2,1,1,-155,-164,-149,-106,-238,-122,-127,-121,-136,-151,-154,-72,-148,-56,-60,-69,-66,-37,-52,0,-15,-6,0,9,-25,0,4,62,50,85,74,85,92,93,74,77,72,76,90,145,122,106,122,194,189,164,109,147,0,214,187,170,136,143,0,0,-77,-80,-73,-81,-72,-70,-71,-43,-68,-69,-90,-85,-91,-95,-102,-100,-114,-56,-54,-21,-226,-35,-99,-67,-87,-37,-37,-37,-37,0,0,0,-8,-8,-8,-5,-6,-7,-12,0,0,0,0,0,0,0,0,0,0,0,0,0,0,0]} 1. d4 d5 2. Nf3 Nf6 3. Nbd2 Bf5 4. e3 h6 5. b3 e6 6. Bb2 {D04: Colle System.} Bd6 7. c4 c6 {[#]} 8. Ne5 $146 ({Predecessor:} 8. h3 O-O 9. Be2 Nbd7 10. c5 Bc7 11. b4 Qe7 12. Qb3 Ne4 13. Nxe4 Bxe4 14. Rg1 {0-1 (28) Schneider,A (2064)-Kierzek,M (1980) Niedrhausen 2016}) 8... Nbd7 9. Ndf3 $2 (9. Be2 $11) 9... Bb4+ $17 10. Ke2 Ne4 11. Rc1 (11. Nxd7 $17 {keeps fighting.} Kxd7 12. Ne5+ Ke8 13. g3) 11... Qa5 (11... Nxe5 $19 12. Nxe5 Qh4) 12. Nd3 Qxa2 13. Qc2 Qa5 14. Ra1 Qc7 ({Black should try} 14... Qb6 15. c5 Qd8) 15. Nxb4 {[#]} (15. cxd5 $142 exd5 16. Nxb4 Ng3+ {[%mdl 64] Discovered Attack} 17. hxg3 Bxc2 18. Nxc2) 15... Ng3+ $1 {[%mdl 512]} 16. hxg3 $15 Bxc2 17. Nxc2 Qb6 18. Nd2 dxc4 ({Better is} 18... O-O $15) 19. b4 O-O 20. Nxc4 Qb5 21. Kd2 Qf5 22. f3 b6 (22... Qg5 $11) 23. Bd3 $14 Qf6 24. d5 e5 25. dxc6 Qxc6 26. Nxe5 Nxe5 27. Bxe5 Rfd8 {Strongly threatening ...Rxd3+!} 28. Bd4 $1 $36 {[%mdl 2048] Black is under strong pressure.} Rac8 (28... Qc7 $142) 29. b5 (29. Rxa7 $2 Rxd4 30. Nxd4 Qc3+ 31. Ke2 Qb2+ 32. Bc2 Rxc2+ 33. Kd3 Rc3+ 34. Ke4 Qd2 $19) 29... Qc7 30. f4 Qd7 (30... Rd5 $16) 31. Nb4 $1 $18 Qg4 32. Rh3 ({And not} 32. Rxa7 Qxg3 33. Re1 Rxd4 $11) (32. Nc6 $1 $18 Re8 33. Rhe1 (33. Nxa7 Ra8 $16) (33. Rxa7 Qxg3 34. Re1 Ra8 $18)) 32... Qe6 {With the idea ...Rxd4.} 33. Rhh1 (33. Nc6 $16 Rd7 34. Rh5 (34. Nxa7 $2 Ra8 $19)) 33... Rxd4 34. exd4 Qb3 35. Nc6 Qb2+ 36. Ke3 ({White must play} 36. Bc2 $1 $16 {Black must now prevent Rhb1.} Rxc6 37. bxc6 Qxd4+ 38. Ke2 Qc4+ 39. Bd3 Qxc6 40. Kf1) 36... Re8+ $11 37. Kf3 {[#]} (37. Ne5 $11) 37... Qd2 $1 $17 {[%cal Rd2d3]} 38. Ne5 {[#]} Rxe5 $1 {[%mdl 64] Remove Defender} 39. dxe5 Qxd3+ {[%mdl 4160] Endgame Double Attack. KQ-KRR} 40. Kf2 $1 Qxb5 {Threatens to win with ...Qc5+.} (40... Qd4+ {seems wilder.} 41. Kf3 Qd5+ 42. Kf2 Qc5+ 43. Kf3 Qxb5 44. Rxa7 Qc6+) 41. Rxa7 Qc5+ 42. Kf3 b5 {[%mdl 1024] Black has strong compensation.} 43. Ra8+ Kh7 44. Raa1 {[#]} b4 $1 45. Rab1 b3 ({Black should play} 45... Qd5+ $17 46. Kf2 Qd4+ 47. Ke2 Qd5) 46. Rhc1 $15 Qd5+ (46... Qd4 {is interesting.} 47. Rd1 Qc3+ 48. Kf2 Kg6 49. g4 h5) 47. Kg4 $2 (47. Kf2 $1 $11 {and White is okay.}) 47... Qd7+ $2 (47... Qxg2 $19 {( -> ...h5+!)} 48. Rg1 (48. Rxb3 $2 h5+ {[%mdl 64] Deflection, Decoy} 49. Kxh5 Qh3+ 50. Kg5 g6 $19) 48... Qe2+ 49. Kh3 b2) 48. Kf3 (48. f5 $1 $15) 48... Qd3+ $17 49. Kf2 $1 h5 {...b2! is the strong threat.} 50. Kg1 Qxg3 51. Rf1 Qe3+ 52. Kh1 {The position is equal.} Qe2 53. Rf3 b2 {aiming for ...Qc2.} 54. Rb3 Qe4 (54... Qg4 {is more complex.} 55. R3xb2 Qh4+ 56. Kg1 Qxf4 57. Re2 Qd4+) 55. R3xb2 Qxf4 56. Re2 h4 57. Rbe1 g5 58. e6 fxe6 59. Rxe6 h3 60. gxh3 Qf3+ 61. Kh2 Qf2+ 62. Kh1 Qf3+ 63. Kh2 Qf2+ {Black defended with fortune.  Weighted Error Value: White=0.31/Black=0.28} 1/2-1/2

[Event "78th GEO-ch Women 1st League 2021"]
[Site "Tbilisi"]
[Date "2021.03.18"]
[Round "1.3"]
[White "Khurtsilava, Inga"]
[Black "Oniani, Tamar"]
[Result "1-0"]
[WhiteElo "2260"]
[BlackElo "1604"]
[Annotator "TA"]
[PlyCount "81"]
[EventDate "2021.03.18"]
[EventType "swiss"]
[EventCountry "GEO"]
[SourceTitle "playchess.com"]
[Source "ChessBase"]
[SourceQuality "1"]

{[%evp 17,81,52,83,39,82,81,87,78,89,84,152,91,90,83,105,105,105,105,131,71,121,65,83,58,63,0,0,0,18,11,75,46,68,31,70,70,90,27,259,262,246,94,173,173,763,763,713,689,601,585,801,769,845,988,1227,1287,1523,1567,2247,1858,29975,29976,29976,29973,1600,1268]} 1. c4 Nf6 2. Nc3 g6 3. e4 d6 4. d4 Bg7 5. f3 Nbd7 6. Be3 O-O 7. Qd2 e5 8. d5 a5 9. Nge2 Nc5 10. Nc1 {[#] E87: King's Indian: Sämisch: 6...e5 7 d5.} Kh8 $146 ({Predecessor:} 10... Nfd7 11. Nd3 f5 12. O-O-O Na6 13. g4 Nb6 14. Nf2 fxg4 15. fxg4 Qh4 16. Rg1 Bd7 17. Rg2 Qe7 {1-0 (45) Cramling,P (2434)-Paehtz,E (2468) Teheran 2017}) 11. Nd3 Nxd3+ 12. Bxd3 {White is better.} Nd7 13. h4 Nc5 ({Better is} 13... f5) 14. h5 (14. Bc2 $142) 14... Nxd3+ $16 15. Qxd3 g5 16. h6 Bf6 17. g4 Be7 18. Kf2 (18. b3 $142) 18... Rg8 19. Rac1 (19. b3 $16) 19... Rg6 20. Nb5 c5 21. dxc6 ({White should play} 21. Rh5 $14) 21... bxc6 $11 22. Nc3 Qf8 23. Qd2 $36 {[%mdl 2048] White is more active.} Ba6 (23... f6 $11) 24. b3 Bb7 25. Rcd1 f6 26. Kg2 Ra6 27. Ne2 (27. Qd3 $16) 27... Rxh6 $2 (27... d5 $11) 28. Rxh6 $18 Qxh6 {[#]} 29. Ng3 $2 (29. Bc5 $1 $18 {[%cal Rc5d6][%mdl 512] and the rest is easy.} Qf8 (29... dxc5 30. Qd7) 30. Bxd6) 29... Bc8 {[#]} (29... Qf8 $16) 30. c5 $1 {[%cal Rc5d6]} Qf8 $2 (30... Bf8 31. cxd6 Bd7) 31. cxd6 Bd8 32. d7 Bb7 33. Qf2 Ra8 34. Nf5 Qf7 35. Bb6 Rb8 36. Kg3 h5 37. gxh5 Kh7 38. Qc5 Ba8 39. Bxd8 Rxd8 40. Qxa5 Qf8 41. b4 {Weighted Error Value: White=0.27/Black=0.78} 1-0

[Event "78th GEO-ch Women 1st League 2021"]
[Site "Tbilisi"]
[Date "2021.03.18"]
[Round "1.4"]
[White "Antia, Sopia"]
[Black "Vakhania, Alexandra"]
[Result "0-1"]
[WhiteElo "1594"]
[BlackElo "2134"]
[Annotator "TA"]
[PlyCount "96"]
[EventDate "2021.03.18"]
[EventType "swiss"]
[EventCountry "GEO"]
[SourceTitle "playchess.com"]
[Source "ChessBase"]
[SourceQuality "1"]

{[%evp 10,96,51,52,67,61,39,55,47,54,64,60,85,75,98,56,47,59,48,45,69,50,34,21,29,8,12,18,13,0,38,33,21,-233,-233,-231,-241,-231,-232,-328,-274,-325,-323,-316,-316,-350,-356,-359,-376,-414,-389,-405,-400,-400,-395,-443,-428,-501,-489,-600,-585,-739,-725,-934,-896,-1828,-1616,-1638,-1443,-1412,-831,-1461,-1317,-29980,-29981,-29981,-29982,-29983,-29984,-29984,-29982,-29986,-29987,-29990,-29991,-29991,-29992,-29994,-29994]} 1. e4 c6 2. Nc3 d5 3. Nf3 g6 4. d4 Bg7 5. h3 Nh6 6. Bf4 O-O {B15: Caro-Kann: 3 Nc3: 3...g6 and 3...dxe4 4 Nxe4 Nf6 5 Nxf6+ exf6.} 7. Qd2 dxe4 8. Nxe4 Nf5 {[%cal Rf5d4] White is slightly better.} 9. c3 b6 10. Bd3 Ba6 11. O-O Nd6 12. Ng3 Bxd3 13. Qxd3 Nd7 14. Rfe1 {[#]} c5 $146 ({Predecessor:} 14... Re8 15. Re2 Nf8 16. Rae1 Rc8 17. Ne5 f6 18. Ng4 Nf7 19. Qa6 h5 20. Nh2 e5 21. dxe5 fxe5 {1-0 (33) Bareev,E (2555)-Cigan,S (2370) Budapest 1988}) 15. Qe2 Re8 16. Ne5 {Nc6 is the strong threat.} Qc8 17. Qf3 cxd4 18. cxd4 {Strongly threatening Rac1.} Nxe5 19. dxe5 Nf5 20. Rac1 Qe6 21. Rc6 $2 {[%mdl 8192] [#] Loses the game.} (21. Nxf5 $11 Qxf5 22. Rc7) 21... Nd4 $1 $19 {[%mdl 64] Double Attack} 22. Rxe6 Nxf3+ 23. gxf3 {And now Rc6 would win.} fxe6 24. Ne4 (24. Re4 $142) 24... h6 25. Nc3 Rf8 26. Re4 g5 27. Be3 Rxf3 28. Kg2 Rf5 29. f4 Raf8 30. Ne2 gxf4 31. Bxf4 h5 32. Kg3 Kh7 33. b3 Bh6 34. Bxh6 Rf3+ 35. Kh4 Kxh6 {[%mdl 4096] Endgame KRR-KRN} 36. b4 b5 37. a3 R8f5 38. Ng1 R5f4+ 39. Rxf4 Rxf4+ {KR-KN} 40. Kg3 Kg5 41. Nf3+ {[#]} Rxf3+ $1 {Black mates.} 42. Kxf3 {KP-KP} Kf5 43. Kg3 Kxe5 44. Kh4 Kf5 45. Kxh5 e5 46. h4 e4 47. Kh6 e3 48. h5 e2 {Weighted Error Value: White=0.73/Black=0.06} 0-1

[Event "78th GEO-ch Women 1st League 2021"]
[Site "Tbilisi"]
[Date "2021.03.18"]
[Round "1.5"]
[White "Nikoladze, Sopio"]
[Black "Tasoshvili, Tamar"]
[Result "1-0"]
[WhiteElo "2132"]
[BlackElo "1528"]
[Annotator "TA"]
[PlyCount "75"]
[EventDate "2021.03.18"]
[EventType "swiss"]
[EventCountry "GEO"]
[SourceTitle "playchess.com"]
[Source "ChessBase"]
[SourceQuality "1"]

{[%evp 9,75,7,169,168,171,168,161,176,198,200,217,171,172,114,125,50,47,0,101,106,81,51,61,49,20,27,52,45,47,40,142,38,30,0,10,-28,-25,-24,0,0,30,21,24,0,4,9,136,105,101,51,189,141,152,160,117,135,150,152,208,141,150,91,113,114,318,219,1033,1027]} 1. d4 d5 2. Nf3 Nf6 3. e3 c6 4. Ne5 Bf5 5. g4 Bg6 $2 {[#]} (5... Be6 $11) 6. h4 $1 $18 {D04: Colle System.} h6 7. Nxg6 fxg6 8. Bd3 {[#] White is clearly better.} Qc7 $146 ({Predecessor:} 8... Ne4 9. Qf3 Qd6 10. Bxe4 dxe4 11. Qxe4 Nd7 12. Nc3 O-O-O 13. Bd2 e5 {½-½ (23) Kaiser,M (1839)-Didt,H (1923) Leipzig 2009}) 9. Bxg6+ Kd8 10. Qf3 e5 11. dxe5 ({White should play} 11. Bd2 $18) 11... Qxe5 $16 12. Qf5 (12. Qe2 $16) 12... Nbd7 $14 13. Nd2 Qxf5 (13... Bc5 $11) 14. Bxf5 $16 Ne5 15. f3 Bc5 16. Ke2 g6 $1 {[%cal Rg6f5]} 17. Bd3 Re8 18. Nf1 Kc7 19. Bd2 Nfd7 (19... Re6 $14) 20. Rg1 (20. h5 $16) 20... Rf8 $14 21. Rg3 (21. f4 $5 {[%cal Rf4e5]} Nxd3 22. cxd3 $11) 21... Rae8 22. b4 Bd6 23. Rh3 c5 24. bxc5 Bxc5 25. Rb1 Re6 26. Bb4 Nxd3 27. cxd3 Rf4 (27... Ra6 $1 $11 {keeps the balance.}) 28. Bxc5 $16 Nxc5 29. e4 d4 (29... dxe4 $14 30. dxe4 Ra6) 30. Rb4 Ra6 31. Rxd4 Rxa2+ 32. Ke3 Ne6 33. Rc4+ Kd6 (33... Kd7 $16 {was necessary.}) 34. Rb4 Rf7 35. Nd2 (35. h5 $142 g5 36. Rh2 Rxh2 37. Nxh2) 35... Nf4 36. Rh2 {Threatens to win with Rxb7!} Ra1 $2 {[#]} (36... Kc7 $16) 37. Rb1 Ra3 $2 (37... Rxb1 38. Nxb1 Kc7) 38. Nc4+ {[%mdl 64] Double Attack.  Weighted Error Value: White=0.27/Black=0.47} 1-0

[Event "78th GEO-ch Women 1st League 2021"]
[Site "Tbilisi"]
[Date "2021.03.18"]
[Round "1.6"]
[White "Sichinava, Mariam"]
[Black "Pipia, Ekaterine"]
[Result "1-0"]
[WhiteElo "1516"]
[BlackElo "2019"]
[Annotator "TA"]
[PlyCount "67"]
[EventDate "2021.03.18"]
[EventType "swiss"]
[EventCountry "GEO"]
[SourceTitle "playchess.com"]
[Source "ChessBase"]
[SourceQuality "1"]

{[%evp 9,67,31,41,32,31,15,20,19,22,17,27,17,29,7,9,7,41,27,67,81,127,56,83,104,96,106,95,129,108,12,21,0,40,37,527,499,813,818,792,793,753,672,642,511,523,519,531,519,1097,1054,1902,1849,29985,29986,29988,29987,29989,29989,29987,1204]} 1. Nf3 d5 2. g3 Nd7 3. d4 Nb6 4. Bg2 Bf5 5. O-O e6 6. a4 {D02: 1 d4 d5 2 Nf3 sidelines, including 2...Nf6 3 g3 and 2...Nf6 3 Bf4.} a5 7. Nbd2 Nf6 {[#]} 8. b3 $146 {The position is equal.} ({Predecessor:} 8. c4 c6 9. Nh4 Bg4 10. h3 Bh5 11. g4 Nfd7 12. Ndf3 Be7 13. c5 Nc8 14. gxh5 Bxh4 {0-1 (38) Andreikin,D (2726)-Alekseenko,K (2696) chess.com INT 2020}) 8... Bb4 9. Bb2 O-O 10. c3 Be7 11. c4 Ne4 12. Qc1 Nc8 13. Ne5 Bg5 14. e3 Ncd6 15. h4 ({White should try} 15. Nxe4 $16 Bxe4 16. f3) 15... Bxe3 16. fxe3 Nxg3 {[#] And now ...Ne2+ would win.} 17. Rf2 (17. cxd5 $2 Ne2+ 18. Kf2 Nxc1 $19) 17... Qxh4 18. cxd5 exd5 19. Qxc7 ({Better is} 19. Bxd5 $16 c6 20. Bg2) 19... Ra6 $1 $11 {Threatens to win with ...Rc8.} 20. Ndf3 (20. Bxd5 $2 Be4 $19) 20... Qh6 {With the idea ...Nge4.} (20... Qf6 $5 {[%cal Rf8c8]} 21. Rc1 Nge4 $11) 21. Ba3 {Bxd6 is the strong threat.} Qxe3 $2 {[%mdl 8192] A mistake that costs the game.} ({Black should play} 21... Nge4 $1 $14 22. Raf1 Rc8) 22. Re1 $18 ({Not} 22. Bxd6 Ne2+ 23. Kf1 Ng3+ 24. Kg1 Ne4 $11) 22... Qxb3 (22... Qh6 $142 23. Ng5 {[%mdl 64] Deflection} Qxg5 24. Bxd6 Rxd6) 23. Bxd6 Rxd6 24. Qxd6 Ne4 {[#]} 25. Rxe4 $1 dxe4 26. Ne1 Qe3 27. Kf1 g6 28. Nd7 {[%csl Gd7][%cal Rd6f8]} Rc8 (28... Bxd7 $142 29. Qxd7 f5 30. Qe6+ Rf7 31. Qe8+ Rf8) 29. Nf6+ Kg7 30. Qe5 Kf8 31. Nd5 {[%cal Re5h8] White mates.} Qxf2+ 32. Kxf2 {[%cal Re5h8]} e3+ 33. Kg1 {[%cal Re5h8]} Kg8 34. Ne7+ {[%mdl 64] Double Attack.  Weighted Error Value: White=0.21/Black=0.78} 1-0

[Event "78th GEO-ch Women 1st League 2021"]
[Site "Tbilisi"]
[Date "2021.03.18"]
[Round "1.7"]
[White "Janiashvili, Mariami"]
[Black "Dolakidze, Mariam"]
[Result "1-0"]
[WhiteElo "1963"]
[BlackElo "1416"]
[Annotator "TA"]
[PlyCount "29"]
[EventDate "2021.03.18"]
[EventType "swiss"]
[EventCountry "GEO"]
[SourceTitle "playchess.com"]
[Source "ChessBase"]
[SourceQuality "1"]

{[%evp 9,29,24,41,10,6,0,12,-9,83,74,68,70,110,78,90,92,99,94,107,95,504,495]} 1. d4 e6 2. c4 f5 3. Nc3 Nf6 4. Bg5 h6 5. Bxf6 Qxf6 6. Nf3 {A85: Dutch Defence: 2 c4 Nf6 3 Nc3.} Bb4 7. e3 O-O 8. Be2 {[#] The position is equal.} d5 $146 (8... Bxc3+ $11 {remains equal.} 9. bxc3 b6) ({Predecessor:} 8... b6 9. Rc1 Bb7 10. O-O Nc6 11. Qa4 Bxc3 12. Rxc3 e5 13. d5 e4 14. dxc6 Bxc6 {½-½ (34) Nogueiras Santiago,J (2565)-Jussupow,A (2645) Leningrad 1987}) 9. O-O Bxc3 10. bxc3 c6 11. Rb1 Nd7 12. Qc2 Nb6 13. Ne5 Rb8 14. f4 Bd7 $2 {[%mdl 8192] [#]} (14... Qd8 $16) 15. c5 {Weighted Error Value: White=0.12/Black=0.96} 1-0

[Event "78th GEO-ch Women 1st League 2021"]
[Site "Tbilisi"]
[Date "2021.03.18"]
[Round "1.8"]
[White "Mamardashvili, Ana"]
[Black "Lomaia, Diana"]
[Result "0-1"]
[WhiteElo "1416"]
[BlackElo "1946"]
[Annotator "TA"]
[PlyCount "120"]
[EventDate "2021.03.18"]
[EventType "swiss"]
[EventCountry "GEO"]
[SourceTitle "playchess.com"]
[Source "ChessBase"]
[SourceQuality "1"]

{[%evp 9,120,-39,-33,-85,-74,-113,-123,-142,-144,-214,-145,-150,-74,-74,-79,-74,-84,-92,-95,-129,-114,-117,-72,-80,-76,-77,-79,-80,-83,-129,-110,-126,-125,-126,-122,-114,-117,-120,-118,-126,-128,-119,-100,-118,-89,-91,-88,-119,-119,-121,-126,-154,-132,-125,-118,-177,-165,-218,-210,-234,-227,-233,-237,-272,-265,-291,-271,-425,-411,-523,-521,-702,-674,-1008,-920,-1645,-1479,-884,-1456,-1822,-1100,-1797,-1787,-1350,-1694,-1390,-1288,-1904,-1882,-1820,-1784,-1690,-1636,-1450,-1341,-1397,-1044,-6111,-6589,-2914,-6103,-29962,-29965,-29957,-6275,-29964,-29965,-29964,-5052,-4618,-4618,-2489,-1546]} 1. d4 d5 2. c4 dxc4 3. e4 c5 4. d5 Nf6 {[#]} 5. Nd2 $146 ({Predecessor:} 5. Nc3 e6 6. Bxc4 exd5 7. Nxd5 Be6 8. Nxf6+ Qxf6 9. Bb5+ Bd7 10. Bxd7+ Nxd7 11. Nf3 Qa6 12. Qe2 Qxe2+ 13. Kxe2 Be7 14. Rd1 O-O-O 15. Be3 {0-1 (59) Sethuraman,S (2624)-Nabaty,T (2658) Khanty-Mansiysk 2019}) 5... e6 6. dxe6 {D20: Queen's Gambit Accepted: 3 e3 and 3 e4.} ({Better is} 6. Bxc4 $15 exd5 7. exd5) 6... Bxe6 $17 7. e5 Ng4 8. Ngf3 {Black is better.} Nc6 9. Qe2 (9. Be2 $17) 9... Qc7 10. Nxc4 {[#]} Bxc4 ({Black should play} 10... O-O-O $1 {Threatens to win with ...Nd4.} 11. Bf4 Nd4) 11. Qxc4 Ngxe5 12. Nxe5 Qxe5+ 13. Be2 Bd6 14. g3 {[#]} O-O $1 15. O-O Nd4 16. Be3 Nf5 17. Bf4 Qf6 18. Bxd6 Qxd6 19. Bf3 Rab8 20. Rac1 Nd4 21. Bg2 Rfd8 {Strongly threatening ...b5.} 22. Rfe1 b6 23. Re4 Re8 24. Rce1 Rxe4 25. Rxe4 b5 26. Qc3 Rd8 27. Qe1 g6 28. h3 Ne6 29. h4 Qd1 30. Bh3 Qxe1+ 31. Rxe1 {[%mdl 4096] Endgame KRB-KRN} Rd2 32. Re5 (32. a4 $17) 32... Rc2 $19 33. Bxe6 (33. b4 {was necessary.}) 33... fxe6 {KR-KR} 34. b4 Kf7 ({Not} 34... Rxa2 35. Rxc5 Ra1+ 36. Kg2 $11) (34... cxb4 35. Rxb5 Rxa2 36. Rxb4 $15) 35. bxc5 Kf6 ({Weaker is} 35... Rxa2 36. c6 $11) 36. f4 a6 ({Less strong is} 36... Rxa2 37. c6 $15) 37. a3 Rc3 38. Kg2 (38. Kf2 {keeps fighting.}) 38... Rxa3 39. Re2 b4 {[%cal Bb5b4,Bb4b3][%mdl 32]} 40. c6 {And now Rc2 would win.} Rc3 41. Rb2 a5 42. Ra2 Rxc6 43. Rxa5 Rb6 44. Ra2 b3 45. Rb2 Kf5 46. Kf3 h5 47. Ke3 Rb4 48. Kf3 e5 49. fxe5 Kxe5 50. Ke3 Kd5 51. Kd3 Rg4 52. Rg2 b2 53. Kc2 Ke4 54. Kxb2 Kf3 (54... Ke3 $142 55. Rc2 Kf3 56. Rc3+ Kg2) 55. Rc2 Kxg3 56. Kc3 Rxh4 57. Kd3 Rf4 58. Ke3 Rf8 (58... h4 $142 59. Rc1 Rf2 60. Rc5 Rf5 61. Rc1 h3 62. Ke4 h2 63. Rc3+ Kh4 64. Rc1 Kg3 65. Ke3 Rf3+ 66. Ke4 Rf2 67. Kd5 g5 68. Ke5 Kg2 69. Rb1 h1=Q 70. Rxh1 Kxh1 71. Ke4 g4 72. Kd4 g3 73. Ke3 Rf8 74. Kd4 g2 75. Ke5 g1=Q 76. Kd5 Qg5+ 77. Kd4 Rf4+ 78. Kd3 Qg3+ 79. Kd2 Rf2+ 80. Ke1 Qg1#) 59. Rc1 Re8+ 60. Kd4 g5 {Weighted Error Value: White=0.75/Black=0.18} 0-1

[Event "78th GEO-ch Women 1st League 2021"]
[Site "Tbilisi"]
[Date "2021.03.18"]
[Round "1.9"]
[White "Esadze, Tamari"]
[Black "Mgeladze, Kesaria"]
[Result "1/2-1/2"]
[WhiteElo "1889"]
[BlackElo "1380"]
[Annotator "NA RC"]
[PlyCount "62"]
[EventDate "2021.03.18"]
[EventType "swiss"]
[EventCountry "GEO"]
[SourceTitle "playchess.com"]
[Source "ChessBase"]
[SourceQuality "1"]
[TimeControl "5400+30"]

1. e4 {[%emt 0:02:02]} c5 {[%emt 0:00:00]} 2. Nf3 {[%emt 0:00:25]} d6 {[%emt 0:00:00]} 3. d4 {[%emt 0:00:05]} cxd4 {[%emt 0:00:11]} 4. Nxd4 {[%emt 0:00:03]} Nf6 {[%emt 0:00:10]} 5. Nc3 {[%emt 0:00:04]} Nc6 {[%emt 0:00:09]} 6. Bg5 {[%emt 0:00:04]} e6 {[%emt 0:00:10]} 7. Qd2 {[%emt 0:00:05]} a6 {[%emt 0:00:06]} 8. O-O-O {[%emt 0:00:05]} Bd7 {[%emt 0:00:10]} 9. f4 {[%emt 0:01:10]} b5 {[%emt 0:00:38]} 10. a3 {[%emt 0:13:06]} Be7 {[%emt 0:03:33]} 11. Be2 {[%emt 0:03:14]} h6 {[%emt 0:05:48]} 12. Bh4 {[%emt 0:02:00]} Rc8 {[%emt 0:03:10]} 13. Nxc6 {[%emt 0:08:55]} Bxc6 {[%emt 0:00:49]} 14. Bf3 {[%emt 0:02:08]} Qc7 {[%emt 0:06:35]} 15. Bxf6 {[%emt 0:08:12]} gxf6 {[%emt 0:03:35]} 16. Rhe1 {[%emt 0:02:21]} a5 {[%emt 0:01:55]} 17. Bg4 {[%emt 0:20:07]} Bd7 {[%emt 0:03:49]} 18. f5 {[%emt 0:08:04]} h5 {[%emt 0:04:05]} 19. fxe6 {[%emt 0:02:21]} fxe6 {[%emt 0:00:47]} 20. Be2 {[%emt 0:07:25]} b4 {[%emt 0:01:35]} 21. Nb5 {[%emt 0:01:10]} Qc5 {[%emt 0:00:53]} 22. a4 {[%emt 0:00:17]} f5 {[%emt 0:05:43]} 23. Kb1 {[%emt 0:10:55]} fxe4 {[%emt 0:01:05]} 24. Rf1 {[%emt 0:01:58]} Kd8 {[%emt 0:03:14]} 25. Nxd6 {[%emt 0:05:10]} Bxd6 {[%emt 0:00:55]} 26. Qxd6 {[%emt 0:00:04]} Qxc2+ {[%emt 0:00:42]} 27. Ka1 {[%emt 0:00:01]} Qxa4+ {[%emt 0:01:33]} 28. Kb1 {[%emt 0:00:02]} Qc2+ {[%emt 0:06:40]} 29. Ka1 {[%emt 0:00:02]} Qa4+ {[%emt 0:02:45]} 30. Kb1 {[%emt 0:00:04]} Qc2+ {[%emt 0:00:39]} 31. Ka1 {[%emt 0:00:03]} Qa4+ {[%emt 0:00:06]} 1/2-1/2